1589 1726 1604 1783 1136 1613 1649 1147 1191 1236 1348 1755 1997 1611 1756 1400 1285 1455 1595 1477 1685 1265 1344 1076 1198 1029 1279 1541 1263 1302 1714 1363 1827 1889 1055 1153 1456 1073 1831 1335 1463 1576 1148 1018 1267 1431 1022 1980 1612 1271 1234 1406 1843 1490 1630 1704 1189 1835 1395 1750 1173 1643 1974 1044 1491 1252 1741 1415 1138 1257 1730 1861 1240 1257 1547 1297 1187 1916 1563 1747 1276 1778 1657 1600 1097 1563 1819 1746 1118 1694 1009 1386 1931 1358 1262 1547 1102 1556 1518 BCNSPRNW ULIB Ver.6.0+V

เปลี่ยนเป็นภาษาไทย

Change to English
 แสดงรายละเอียดบรรณานุกรม
  กลับหน้าหลัก

Brief Record : Get Marc (ISO 2709) : E-mail record : QR code < ปิดหน้าต่าง
LEADER : 00000nam 2200000uu 4500
001    13399112369
003     ULIB
008    110627s2551||||th 000 0 tha d
020    9789741693467
090    นว.^bส176ข 2551
100 0  สแตนลี่ย์ แบนเน็ตต์
245 00 ขอจุ๊บที่หัวใจของนายสุดหล่อ/^cสแตนลี่ย์ แบนเน็ตต์
250    พิมพ์ครั้งที่ 1
260    กรุงเทพฯ :^bนกฮูก,^c2551
300    142 หน้า
710 1  นกฮูก
945    ^p125^l0^i024467
995    ทศพร
999 ^a ใช้งานได้ทุกระบบ
รายการนี้ยังไม่มีแท็ก
คุณยังไม่ได้ล็อกอิน คุณสามารถมีกิจกรรมร่วมกับเว็บไซต์ได้ แต่ต้องล็อกอินก่อน ::
  ล็อกอิน

รายการสื่อสารสนเทศ

ลำดับที่ ประเภท เลขเรียก/บาร์โค้ด สถานที่ สถานะ
- ไม่พบข้อมูล -

BibComment


ยังไม่เคยถูกคอมเมนท์

คอมเมนท์ทรัพยากรรายการนี้
  คอมเมนท์: ขอจุ๊บที่หัวใจของ..


 Copyright 2026. Bcnsprnw @Library